| 000 | 01411nam0a2200313 4500 | ||
|---|---|---|---|
| 001 | RU\NLR\b_ik\168765 | ||
| 005 | 20260407181851.0 | ||
| 010 |
_a978-5-7782-0849-0 _9150 |
||
| 035 | _a(NLR Aleph) 002241511 | ||
| 090 |
_a3564641 _c3564641 |
||
| 100 | _a20080421d2007 |||y0rusy50 ca | ||
| 101 | 0 |
_aeng _arus |
|
| 102 | _aRU | ||
| 105 | _aa ||||||||| | ||
| 200 | 1 |
_aAlgebra and model theory 6 _ecollection of papers [of the Seventh Summer school "Intermediate problems of model theory and universal algebra" held on 26-30 of June 2007, Erlagol, Altai] _fed. by A.G. Pinus a. K.N. Ponomarev |
|
| 210 |
_aNovosibirsk _cNovosibirsk state techn. univ. _d2007 |
||
| 215 |
_a121 с. _cил. _d26 |
||
| 300 | _aВ надзаг.: Novosibirsk state techn. univ. | ||
| 300 | _aТекст на англ. и рус. яз. | ||
| 320 | _aБиблиогр. в конце докл. | ||
| 606 | 1 |
_aАлгебра _jСъезды, совещания и т.п. _9922117 _3RU\NLR\AUTH\6619328 |
|
| 686 | 1 | _aВ15я431 | |
| 702 | 1 |
_4340 _8rus _7ba _aPinus _bA. G. _f1948- _gAleksandr Georgievič _3RU\NLR\AUTH\7764977 _947906 |
|
| 711 | 1 | 2 |
_4070 _8eng _a"Intermediate problems of model theory and universal algebra", summer school _d7 _f2007 _eErlagol, Altai _7ba _3RU\NLR\AUTH\8810116763 _9732757 |
| 801 | 0 |
_aRU _bNLR _c20080421 _gRCR |
|
| 830 | _aАлгебра и теория моделей | ||
| 942 | _cBOOK | ||
| 980 | _aNB | ||